The Oxford handbook of psycholinguistics
Furkejuvvon:
| Váldodahkki: | |
|---|---|
| Materiálatiipa: | Girji |
| Giella: | eaŋgalasgiella |
| Almmustuhtton: |
Oxford
Oxford University Press
2009
|
| Preanttus: | 1a. ed |
| Fáttát: | |
| Fáddágilkorat: |
Lasit fáddágilkoriid
Eai fáddágilkorat, Lasit vuosttaš fáddágilkora!
|
MARC
| LEADER | 00000nam a2200000 a 4500 | ||
|---|---|---|---|
| 001 | UCH3250 | ||
| 003 | CL-VaPUC | ||
| 008 | 090723e20090000UK |||||||||||||||||eng|d | ||
| 020 | |a 9780199561797 | ||
| 082 | 0 | 4 | |a 401.9 |b GAR |2 21 |
| 100 | 0 | |a Gaskell, M. Gareth |e author |9 538547 | |
| 245 | 1 | 4 | |a The Oxford handbook of psycholinguistics |
| 250 | |a 1a. ed | ||
| 300 | |a 859 p | ||
| 942 | |c BK | ||
| 945 | |d 20090723 00:00:00 |a rbrito | ||
| 260 | |a Oxford |b Oxford University Press |c 2009 | ||
| 650 | 0 | |a Psicolingüística |9 283371 | |
| 650 | 0 | |a Desarrollo del lenguaje |9 311270 | |
| 650 | 0 | |a Adquisición del lenguaje |9 309032 | |
| 583 | |a last modification |c 20090723 00:00:00 |k Rodrigo Vera | ||
| 999 | |c 334867 |d 334865 | ||